000 00676nam a2200157Ia 4500
008 100122s9999 xx 000 0 und d
082 _b73781
_a301.441
100 _aरणसिंग मोहन
245 _aसिंधुदुर्ग जिल्ह्यातील आदिवासी ठाकर
250 _a1
260 _bलोकवाड.मय गृह प्रकाशन
_c2007
300 _a378
630 _aसिंधुदुर्ग जिल्ह्यातील आदिवासी ठाकर
730 _aसिंधुदुर्ग जिल्ह्यातील आदिवासी ठाकर
942 _cBOOK
999 _c389768
_d389765